Algunos programas de uso común en basic (Record no. 121274)

MARC details
000 -LEADER
campo de control de longitud fija 00846nam a2200253 4500
001 - NÚMERO DE CONTROL
campo de control 121274
003 - IDENTIFICADOR DE NÚMERO DE CONTROL
campo de control ES-MaACL
005 - FECHA Y HORA DE LA ÚLTIMA TRANSACCIÓN
campo de control 20230906191725.0
007 - CAMPO FIJO DE DESCRIPCIÓN FÍSICA--INFORMACIÓN GENERAL
campo de control de longitud fija t|
008 - DATOS DE LONGITUD FIJA--INFORMACIÓN GENERAL
campo de control de longitud fija 070214s1999 sp r ||||1| spa d
080 ## - NÚMERO DE LA CLASIFICACIÓN DECIMAL UNIVERSAL
Número de la Clasificación Decimal Universal 681.31.06 BASIC
100 1# - ENTRADA PRINCIPAL--NOMBRE DE PERSONA
Nombre de persona Poole, Lon.
9 (RLIN) 93078
245 10 - MENCIÓN DEL TÍTULO
Título Algunos programas de uso común en basic
Resto del título : edición TRS-80 nivel II /
Mención de responsabilidad, etc. Lon Poole, Mary Borchers, Karl Koessel ; traducción de Sebastián Dormido Bencomo.
260 ## - PUBLICACIÓN, DISTRIBUCIÓN, ETC.
Lugar de publicación, distribución, etc. Madrid :
Nombre del editor, distribuidor, etc. McGraw-Hill,
Fecha de publicación, distribución, etc. 1983.
300 ## - DESCRIPCIÓN FÍSICA
Extensión X, 193 p. :
Otras características físicas il. ;
Dimensiones 28 cm.
490 1# - MENCIÓN DE SERIE
Mención de serie Osborne
650 #4 - PUNTO DE ACCESO ADICIONAL DE MATERIA--TÉRMINO DE MATERIA
Término de materia o nombre geográfico como elemento de entrada BASIC (Lenguaje de programación)
9 (RLIN) 148302
700 1# - ENTRADA AGREGADA--NOMBRE PERSONAL
Nombre de persona Borchers, Mary.
9 (RLIN) 30371
700 1# - ENTRADA AGREGADA--NOMBRE PERSONAL
Nombre de persona Koessel, Karl.
9 (RLIN) 68458
700 1# - ENTRADA AGREGADA--NOMBRE PERSONAL
Nombre de persona Dormido Bencomo, Sebastián.
9 (RLIN) 45412
830 0# - PUNTO DE ACCESO ADICIONAL DE SERIE-TÍTULO UNIFORME
Título uniforme Osborne
9 (RLIN) 177308
852 ## - LOCALIZACIÓN
Ubicación ES-MaACL
Número de control de estantería L-7566
Sublocalización o colección R.107989
Holdings
Estatus retirado Estado de pérdida Estado de daño No para préstamo Biblioteca de origen Biblioteca actual Ubicación en estantería Fecha de adquisición Fuente de adquisición Total de préstamos Signatura topográfica completa Código de barras Visto por última vez Precio de reemplazo Tipo de ítem Koha
        Biblioteca del Ateneo de Madrid Biblioteca del Ateneo de Madrid Depósito 2 17/01/2008     L-7566 1126392 23/02/2023 23/02/2023 Libro impreso